| 000 | 00351nam a2200133Ia 4500 | ||
|---|---|---|---|
| 008 | 240624s9999 xx 000 0 und d | ||
| 041 | _aeng | ||
| 082 | _a158.7 BAR | ||
| 100 | _aBAR ON REUVEN | ||
| 245 | _aHANDBOOK OF EMOTIONAL INTELLIGENCE THEOR | ||
| 260 |
_c2000 _aSan Francisco _bJossey-Bass |
||
| 300 | _axv, : 528 : p. : cm. ; 24 | ||
| 365 |
_c _b28 |
||
| 999 |
_c7373 _d7373 |
||